Pays les plus médaillés aux Championnats du Monde d'Athlètisme - Statistiques

Statistiques générales
  • Ce quiz a été pris 54 fois
  • Le résultat moyen est 17 sur 20
Statistiques - réponses
Hint Réponse % Correct
123 Allemagne
98%
53 Allemagne de l'Est
98%
443 États-Unis
98%
56 France
98%
77 Union Soviétique
96%
75 Chine
94%
141 Russie
94%
46 Espagne
90%
51 Italie
90%
35 Japon
90%
46 Canada
88%
121 Royaume-Uni
88%
149 Jamaïque
87%
171 Kenya
85%
45 Australie
81%
104 Éthiopie
77%
65 Pologne
73%
63 Cuba
48%
43 Ukraine
48%
33 Maroc
42%
Aucun quiz correspondant
Distribution des résultats
% des personnes avec chaque résultat
Percentile par nombre de réponses
Votre historique - résultats
Vous n’avez pas pris ce quiz